Normal view
MARC view
- Vicario Solórzano, Claudia Marina
Entry Nombre Personal
001 - NUMERO DE CONTROL
- campo de control: 54849
003 - IDENTIFICADOR DE NUMERO DE CONTROL
- campo de control: MX-MxUPN
005 - FECHA Y HORA DE LA ÜLTIMA TRANSACCIÓN
- campo de control: 20241203101854.0
008 - DATOS DE LONGITUD FIJA
- campo de control de longitud fija: 241203nn acnnnaabn a aaa d
040 ## - FUENTE DE CATALOGACIÓN
- Agencia original de catalogación: MX-MxUPN
- Lenguaje de catalogación: spa
100 1# - ENCABEZAMIENTO - NOMBRE PERSONAL
- Nombre personal: Vicario Solórzano, Claudia Marina
400 1# - VEÁSE - NOMBRE DE PERSONA
- Personal name: Solórzano, Claudia Marina Vicario
670 ## - FUENTE EN LA QUE SE LOCALIZARON DATOS
- Cita de la fuente: 25 años de informática educativa en México, 2009 :
- Información localizada: portada (Claudia Marina Vicario Solórzano)
902 ## - CATALOGADOR
- Catalogador: VíctorGodínez/031224
